[Event "Athens ChessSquare Autumn op"]
[Site "Athens"]
[Date "2016.10.08"]
[Round "5"]
[White "Patrinos, Ilias"]
[Black "Ponirakis, Dimitrios"]
[Result "0-1"]
[WhiteElo "1622"]
[BlackElo "2010"]
[PlyCount "74"]
[EventDate "2016.09.10"]
[EventType "swiss"]
[EventRounds "7"]
[EventCountry "GRE"]
[SourceTitle "EXT 2024"]
[Source "ChessBase"]
[SourceDate "2023.10.10"]
[SourceVersion "1"]
[SourceVersionDate "2023.10.10"]
[SourceQuality "1"]

1. d4 d5 2. Bg5 h6 3. Bh4 c5 4. e3 Nc6 5. Nf3 Bg4 6. dxc5 Qa5+ 7. Nc3 e6 8. a3 Qxc5 9. Be2 Bxf3 10. Bxf3 g5 11. Bg3 Bg7 12. Na4 Qe7 13. 0-0 Nf6 14. Nc3 Rd8 15. Nb5 0-0 16. Nd4 Nxd4 17. exd4 Rc8 18. Re1 Qd7 19. h4 Nh7 20. c3 f5 21. hxg5 hxg5 22. Be5 g4 23. Bxg7 Qxg7 24. Be2 Ng5 25. Bd3 Nf3+ 26. Kf1 Nxe1 27. Qxe1 Rce8 28. Bb5 Re7 29. Qd2 a6 30. Ba4 f4 31. Bb3 Qh6 32. Kg1 Rh7 33. f3 g3 34. Kf1 Qh1+ 35. Ke2 Qxg2+ 36. Kd3 Qxf3+ 37. Kc2 Rh2 0-1

[Event "Athens ChessSquare Autumn op"]
[Site "Athens"]
[Date "2016.09.24"]
[Round "3"]
[White "Poulopoulos, Ioannis"]
[Black "Ponirakis, Dimitrios"]
[Result "1-0"]
[WhiteElo "2215"]
[BlackElo "2010"]
[PlyCount "83"]
[EventDate "2016.09.10"]
[EventType "swiss"]
[EventRounds "7"]
[EventCountry "GRE"]
[SourceTitle "EXT 2024"]
[Source "ChessBase"]
[SourceDate "2023.10.10"]
[SourceVersion "1"]
[SourceVersionDate "2023.10.10"]
[SourceQuality "1"]

1. d4 Nf6 2. c4 e6 3. g3 d5 4. Bg2 dxc4 5. Nf3 c6 6. Ne5 Bb4+ 7. Nc3 Nd5 8. Bd2 Nb6 9. a3 Be7 10. Bf4 0-0 11. 0-0 f6 12. Nf3 g5 13. Bxb8 Rxb8 14. e4 Bd7 15. Qe2 Be8 16. Rad1 Bf7 17. Rfe1 Re8 18. h3 Qc7 19. e5 f5 20. Nd2 Nd5 21. Qxc4 Nxc3 22. Qxc3 Bh5 23. Rc1 Qd7 24. Nb3 Red8 25. Qe3 Rf8 26. Nc5 Qc8 27. Qb3 Bf7 28. Bf1 b5 29. Bg2 Rd8 30. Qe3 Be8 31. b4 Ra8 32. Nb3 Rb8 33. Na5 Rb6 34. Rc3 Qa8 35. d5 exd5 36. Bxd5+ Kg7 37. Qf3 Bd7 38. Nxc6 Bxc6 39. Bxc6 Qb8 40. Qxf5 Rf8 41. Qd7 Qd8 42. Bxb5 1-0

[Event "Athens Iraklion op 19th"]
[Site "Athens"]
[Date "2016.06.20"]
[Round "3"]
[White "Karousos Theodorakis, Nikolaos"]
[Black "Ponirakis, Dimitrios"]
[Result "1-0"]
[WhiteElo "2214"]
[BlackElo "2015"]
[PlyCount "103"]
[EventDate "2016.06.18"]
[EventType "swiss"]
[EventRounds "9"]
[EventCountry "GRE"]
[SourceTitle "CBM 173 Extra"]
[Source "ChessBase"]
[SourceDate "2016.08.29"]
[SourceVersion "1"]
[SourceVersionDate "2016.08.29"]
[SourceQuality "1"]

1. c4 Nf6 2. g3 e6 3. Bg2 d5 4. Nf3 dxc4 5. Qc2 a6 6. 0-0 Nbd7 7. a4 Rb8 8. a5 Bc5 9. Qxc4 b5 10. axb6 cxb6 11. d4 b5 12. Qd3 Bb6 13. Bf4 Bc7 14. Bxc7 Qxc7 15. Nbd2 0-0 16. e4 Bb7 17. e5 Nd5 18. Ng5 g6 19. Rac1 Qb6 20. Nge4 Nb4 21. Qe3 Kg7 22. Rfd1 Nd5 23. Qd3 f6 24. Nc5 Rbd8 25. Nxb7 Qxb7 26. exf6+ N7xf6 27. Qe2 Qb6 28. Nb3 Rfe8 29. Nc5 Re7 30. Re1 Rde8 31. Bh3 Nc7 32. Qe5 Kf7 33. Rc3 Ncd5 34. Rf3 Kg8 35. Rxf6 Nxf6 36. Qxf6 Rg7 37. Qe5 h6 38. b4 a5 39. d5 axb4 40. d6 Rd8 41. Bxe6+ Kh7 42. Ne4 Rf8 43. d7 b3 44. Rf1 b2 45. Nf6+ Kh8 46. Ne8 Qxf2+ 47. Rxf2 b1Q+ 48. Kg2 Rxf2+ 49. Kxf2 Qc2+ 50. Kg1 Qd1+ 51. Kg2 Qc2+ 52. Kh3 1-0

[Event "Athens Siaperas Memorial 12th"]
[Site "Athens"]
[Date "2016.02.20"]
[Round "7"]
[White "Ponirakis, Dimitrios"]
[Black "Krallis, Christos"]
[Result "1-0"]
[WhiteElo "2018"]
[BlackElo "1884"]
[PlyCount "85"]
[EventDate "2016.01.09"]
[EventType "swiss"]
[EventRounds "7"]
[EventCountry "GRE"]
[SourceTitle "EXT 2024"]
[Source "ChessBase"]
[SourceDate "2023.10.10"]
[SourceVersion "1"]
[SourceVersionDate "2023.10.10"]
[SourceQuality "1"]

1. d3 c5 2. c4 Nf6 3. e4 Nc6 4. Nc3 g6 5. g3 Bg7 6. Bg2 0-0 7. Nge2 d6 8. 0-0 Ne8 9. Be3 Nc7 10. d4 cxd4 11. Nxd4 Ne6 12. Nde2 Ne5 13. b3 a6 14. h3 b5 15. f4 b4 16. Nd5 Nd7 17. Rb1 Rb8 18. Nd4 Nxd4 19. Bxd4 Bxd4+ 20. Qxd4 e6 21. Ne3 Qb6 22. Rbd1 Rd8 23. e5 Qxd4 24. Rxd4 dxe5 25. fxe5 Rf8 26. Ng4 h5 27. Rxd7 hxg4 28. Ra7 gxh3 29. Bxh3 Bb7 30. Rd1 Bf3 31. Rdd7 Ra8 32. Bg2 Bxg2 33. Kxg2 Rad8 34. Kf3 Rxd7 35. Rxd7 Rc8 36. Ke4 Rc5 37. Kd4 Ra5 38. c5 Rxa2 39. Kc4 Re2 40. Kxb4 Re4+ 41. Ka5 Rxe5 42. Kb6 Kf8 43. Rd3 1-0

[Event "Athens Siaperas Memorial 12th"]
[Site "Athens"]
[Date "2016.01.31"]
[Round "4"]
[White "Efthimiou, Georgios"]
[Black "Ponirakis, Dimitrios"]
[Result "1-0"]
[WhiteElo "1824"]
[BlackElo "2018"]
[PlyCount "59"]
[EventDate "2016.01.09"]
[EventType "swiss"]
[EventRounds "7"]
[EventCountry "GRE"]
[SourceTitle "EXT 2024"]
[Source "ChessBase"]
[SourceDate "2023.10.10"]
[SourceVersion "1"]
[SourceVersionDate "2023.10.10"]
[SourceQuality "1"]

1. c4 e5 2. g3 d6 3. Bg2 f5 4. Nc3 Be7 5. d3 c6 6. e3 Nf6 7. Nge2 0-0 8. 0-0 Be6 9. b3 Na6 10. Bb2 Nc7 11. Qc2 Nh5 12. f4 g5 13. Rae1 Qd7 14. e4 gxf4 15. gxf4 Bh4 16. Ng3 Nxg3 17. hxg3 Bxg3 18. Re2 exf4 19. exf5 Rxf5 20. Ne4 Kf7 21. Nxg3 fxg3 22. Rxf5+ Bxf5 23. Qc3 Ne8 24. Qh8 Kg6 25. Re3 Qf7 26. Rxg3+ Kh5 27. Bf3+ Kh4 28. Qd4+ Kxg3 29. Qf2+ Kf4 30. Bh5+ 1-0

[Event "Athens Herakleiou op 18th"]
[Site "Athens"]
[Date "2015.06.17"]
[Round "5.1"]
[White "Nikolaou, Georgios"]
[Black "Ponirakis, Dimitrios"]
[Result "1-0"]
[WhiteElo "2325"]
[BlackElo "2006"]
[PlyCount "115"]
[EventDate "2015.06.13"]
[EventType "swiss"]
[EventRounds "9"]
[EventCountry "GRE"]
[SourceTitle "EXT 2024"]
[Source "ChessBase"]
[SourceDate "2023.10.10"]
[SourceVersion "1"]
[SourceVersionDate "2023.10.10"]
[SourceQuality "1"]

1. d4 Nf6 2. c4 c5 3. Nf3 cxd4 4. Nxd4 e5 5. Nb5 d5 6. cxd5 Bc5 7. e3 0-0 8. N5c3 e4 9. Be2 Qe7 10. a3 Rd8 11. Qc2 Bf5 12. Nd2 Nbd7 13. b4 Bd6 14. Nc4 Rac8 15. Bb2 Ne5 16. Nxe5 Bxe5 17. Qb3 a6 18. Rd1 b5 19. h3 Qc7 20. Rc1 Qb7 21. 0-0 Nxd5 22. Nxd5 Bxb2 23. Qxb2 Rxd5 24. Rxc8+ Qxc8 25. Rd1 Qd7 26. Qc2 Rxd1+ 27. Qxd1 Qxd1+ 28. Bxd1 Kf8 29. Bc2 Ke7 30. f3 Kd6 31. g4 Bg6 32. f4 f5 33. Kf2 Bf7 34. gxf5 Bd5 35. Ke1 Ke7 36. Bd1 Bc4 37. Bc2 Bd5 38. Kd2 Kf6 39. Bd1 Bc4 40. Bg4 Bf7 41. h4 Be8 42. Kc3 Bd7 43. Kd4 Bxf5 44. Bd1 Kg6 45. Ke5 Bc8 46. Kxe4 Kf6 47. Kf3 h5 48. Kg3 Kf5 49. Bf3 g6 50. e4+ Ke6 51. Kf2 Kd6 52. Ke3 Be6 53. Kd4 Bf7 54. e5+ Kc7 55. Bd5 Be8 56. Kc5 Bd7 57. Bf7 Bf5 58. e6 1-0

[Event "Athens Iraklion op 17th"]
[Site "Athens"]
[Date "2014.06.16"]
[Round "3"]
[White "Ponirakis, Dimitrios"]
[Black "Papasimakopoulos, Vasilios"]
[Result "1-0"]
[WhiteElo "1999"]
[BlackElo "1895"]
[PlyCount "113"]
[EventDate "2014.06.14"]
[EventType "swiss"]
[EventRounds "9"]
[EventCountry "GRE"]
[SourceTitle "EXT 2015"]
[Source "ChessBase"]
[SourceDate "2014.11.20"]
[SourceVersion "1"]
[SourceVersionDate "2014.11.20"]
[SourceQuality "1"]

1. d4 f5 2. Nc3 Nf6 3. Bg5 d5 4. f3 Nbd7 5. Qd3 g6 6. e4 fxe4 7. fxe4 dxe4 8. Nxe4 Bg7 9. Nf3 0-0 10. 0-0-0 Kh8 11. h4 Nxe4 12. Qxe4 Nf6 13. Qe1 Bg4 14. Bc4 c6 15. Be6 Bxe6 16. Qxe6 Qd5 17. Rhe1 Rae8 18. Re2 h6 19. Bd2 Kh7 20. Rde1 Rf7 21. Re5 Qxe6 22. Rxe6 Nd5 23. c4 Nb6 24. b3 Nc8 25. Bb4 Bf6 26. Kc2 Rd8 27. R1e4 Nd6 28. Bxd6 exd6 29. d5 Kg7 30. Kd3 Rc7 31. Rf4 Rf7 32. Rg4 h5 33. Rge4 Rc7 34. Rf4 Bb2 35. Ng5 cxd5 36. Re2 dxc4+ 37. Rxc4 Rxc4 38. bxc4 Bf6 39. Ne6+ Kf7 40. Nxd8+ Bxd8 41. g3 Bb6 42. Ke4 Bc5 43. Kd5 Kf6 44. Ke4 b6 45. Kf4 a6 46. a4 Bd4 47. Ke4 Bc5 48. Ra2 g5 49. hxg5+ Kxg5 50. Kf3 Bd4 51. a5 h4 52. gxh4+ Kxh4 53. Ke4 Bc5 54. axb6 Bxb6 55. Rxa6 Bc5 56. Kd5 Kg5 57. Rxd6 1-0

[Event "Ambelokipi op 137th"]
[Site "Athens"]
[Date "2013.10.09"]
[Round "5"]
[White "Ponirakis, Dimitrios"]
[Black "Ilandzis, Spyridon"]
[Result "1/2-1/2"]
[WhiteElo "1972"]
[BlackElo "2196"]
[PlyCount "53"]
[EventDate "2013.09.11"]
[EventType "swiss"]
[EventRounds "7"]
[EventCountry "GRE"]
[SourceTitle "EXT 2024"]
[Source "ChessBase"]
[SourceDate "2023.10.10"]
[SourceVersion "1"]
[SourceVersionDate "2023.10.10"]
[SourceQuality "1"]

1. e4 e6 2. d4 b6 3. Nf3 Bb7 4. Bd3 Nf6 5. Qe2 d5 6. e5 Nfd7 7. 0-0 c5 8. c3 Nc6 9. Bg5 Be7 10. Bxe7 Qxe7 11. a3 0-0 12. Nbd2 c4 13. Bc2 b5 14. Qe3 a5 15. h4 f6 16. exf6 Nxf6 17. Rae1 Rae8 18. Qg5 Nd7 19. Re3 e5 20. dxe5 Ndxe5 21. Nxe5 Qxg5 22. hxg5 Rxe5 23. Rxe5 Nxe5 24. Re1 Nc6 25. Nf3 g6 26. Rd1 b4 27. Ba4 1/2-1/2

[Event "Athens Epikoinonia 1st"]
[Site "Athens"]
[Date "2013.05.26"]
[Round "6.4"]
[White "Ponirakis, Dimitrios"]
[Black "Panagos, Theodoros"]
[Result "0-1"]
[WhiteElo "1997"]
[BlackElo "1758"]
[PlyCount "148"]
[EventDate "2013.04.14"]
[EventType "swiss"]
[EventRounds "7"]
[EventCountry "GRE"]
[SourceTitle "EXT 2024"]
[Source "ChessBase"]
[SourceDate "2023.10.10"]
[SourceVersion "1"]
[SourceVersionDate "2023.10.10"]
[SourceQuality "1"]

1. Nf3 d5 2. b3 Nf6 3. Bb2 e6 4. g3 Be7 5. Bg2 Nbd7 6. 0-0 0-0 7. d3 c5 8. c4 b6 9. Nbd2 Bb7 10. cxd5 Nxd5 11. Nc4 N7f6 12. Rc1 Rc8 13. a3 b5 14. Nce5 Qc7 15. Rc2 Nd7 16. Nxd7 Qxd7 17. Qa1 Nf6 18. Be5 Bd5 19. Qb2 Qb7 20. e4 Bc6 21. Bf4 Rfd8 22. Ne5 Nd7 23. Nxc6 Qxc6 24. d4 Qb6 25. Rfc1 Qa6 26. Bf1 cxd4 27. Rxc8 Rxc8 28. Rxc8+ Qxc8 29. Qxd4 Bc5 30. Qd3 Bxa3 31. Qxb5 Bc5 32. b4 Bb6 33. Qc4 Qxc4 34. Bxc4 Nf6 35. Kf1 Nxe4 36. f3 Nf6 37. Ke2 Ne8 38. Kd3 Kf8 39. Bb5 Ke7 40. Bxe8 Kxe8 41. g4 Kd7 42. h3 Bc7 43. Be3 a6 44. Kc4 Kc6 45. Bd4 e5 46. Bc3 f6 47. Bd2 g6 48. Be3 Bd6 49. Bd2 f5 50. gxf5 gxf5 51. Bc3 e4 52. fxe4 fxe4 53. Bd2 Be7 54. Be3 Bf6 55. Bf4 Bh4 56. Be3 Bg3 57. Kd4 Kb5 58. Kxe4 Be1 59. Bg5 Bxb4 60. Bd8 Ba5 61. Be7 Bb6 62. Kd5 a5 63. Bd6 Bf2 64. Bc7 a4 65. Bd6 Be1 66. Ba3 Bb4 67. Bb2 Be7 68. Bc3 a3 69. Be5 a2 70. Bc3 Bc5 71. Be5 Kb4 72. Bf6 Be3 73. Ke4 Bc1 74. Kd3 Kb3 0-1

[Event "Heraklio op 15th"]
[Site "Athens"]
[Date "2012.06.14"]
[Round "6"]
[White "Ponirakis, Dimitrios"]
[Black "Ignatiadis, Konstantinos"]
[Result "1/2-1/2"]
[WhiteElo "2040"]
[BlackElo "2141"]
[PlyCount "59"]
[EventDate "2012.06.09"]
[EventType "swiss"]
[EventRounds "9"]
[EventCountry "GRE"]
[SourceTitle "CBM 148 Extra"]
[Source "ChessBase"]
[SourceDate "2012.06.22"]
[SourceVersion "1"]
[SourceVersionDate "2012.06.22"]
[SourceQuality "1"]

1. e4 c5 2. Nc3 a6 3. a4 e6 4. Nf3 Nc6 5. g3 d5 6. exd5 exd5 7. Bg2 Be6 8. 0-0 d4 9. Ne4 h6 10. d3 Nf6 11. Re1 Be7 12. Nxf6+ Bxf6 13. Bh3 Qd7 14. Qe2 0-0 15. Bxe6 fxe6 16. Bf4 Rae8 17. Ne5 Bxe5 18. Bxe5 Nxe5 19. Qxe5 Rf5 20. Qe4 e5 21. Re2 Ref8 22. b3 Qf7 23. Qg2 b6 24. Rf1 b5 25. axb5 axb5 26. Re4 c4 27. bxc4 bxc4 28. f4 cxd3 29. cxd3 exf4 30. Rexf4 1/2-1/2

[Event "Heraklio op 15th"]
[Site "Athens"]
[Date "2012.06.10"]
[Round "2"]
[White "Ponirakis, Dimitrios"]
[Black "Petrakis, Ilias"]
[Result "1/2-1/2"]
[WhiteElo "2040"]
[BlackElo "2217"]
[PlyCount "23"]
[EventDate "2012.06.09"]
[EventType "swiss"]
[EventRounds "9"]
[EventCountry "GRE"]
[SourceTitle "CBM 148 Extra"]
[Source "ChessBase"]
[SourceDate "2012.06.22"]
[SourceVersion "1"]
[SourceVersionDate "2012.06.22"]
[SourceQuality "1"]

1. e4 d5 2. exd5 Qxd5 3. Nf3 Nf6 4. Be2 Bf5 5. 0-0 e6 6. d4 c6 7. c4 Qd6 8. Nc3 Nbd7 9. g3 Qc7 10. Re1 Be7 11. Bf4 Qd8 12. d5 1/2-1/2

[Event "Athens op 09"]
[Site "Athens"]
[Date "2011.09.28"]
[Round "5"]
[White "Ponirakis, Dimitrios"]
[Black "Theodoropoulos, Spyros Hristofo"]
[Result "1/2-1/2"]
[WhiteElo "2060"]
[BlackElo "1738"]
[PlyCount "68"]
[EventDate "2011.09.10"]
[EventType "swiss"]
[EventRounds "7"]
[EventCountry "GRE"]
[SourceTitle "CBM 144 Extra"]
[Source "ChessBase"]
[SourceDate "2011.10.28"]
[SourceVersion "1"]
[SourceVersionDate "2011.10.28"]
[SourceQuality "1"]

1. d4 Nf6 2. Nf3 d6 3. g3 g6 4. Bg2 Bg7 5. 0-0 0-0 6. c4 c6 7. Nc3 Qa5 8. e4 Bg4 9. h3 Bxf3 10. Bxf3 Nbd7 11. Be3 e5 12. d5 cxd5 13. Nxd5 Nxd5 14. Qxd5 Qxd5 15. cxd5 h5 16. Rac1 Rfc8 17. Rxc8+ Rxc8 18. Rc1 Rxc1+ 19. Bxc1 Nc5 20. b4 Nd3 21. Bd2 Kh7 22. Be2 Nb2 23. b5 Na4 24. g4 hxg4 25. hxg4 Nc5 26. f3 f6 27. Kf2 Bh6 28. Bb4 b6 29. Bc4 Bc1 30. a4 Kg7 31. a5 Kf8 32. a6 Ke7 33. Ke2 g5 34. Kd1 Be3 1/2-1/2

[Event "Nikaia op 18th"]
[Site "Nikaia"]
[Date "2010.08.25"]
[Round "7"]
[White "Ponirakis, Dimitrios"]
[Black "Goumas, Georgios"]
[Result "0-1"]
[WhiteElo "2040"]
[BlackElo "2298"]
[PlyCount "84"]
[EventDate "2010.08.20"]
[EventType "swiss"]
[EventRounds "9"]
[EventCountry "GRE"]
[SourceTitle "CBM 138 Extra"]
[Source "ChessBase"]
[SourceDate "2010.10.29"]
[SourceVersion "1"]
[SourceVersionDate "2010.10.29"]
[SourceQuality "1"]

1. d4 g6 2. c4 Bg7 3. Nf3 c5 4. Nc3 cxd4 5. Nxd4 Nc6 6. Nxc6 bxc6 7. e4 d6 8. Bd3 Nf6 9. 0-0 0-0 10. Rb1 Nd7 11. Qc2 a5 12. Na4 c5 13. f4 Nb8 14. f5 e6 15. Be3 Nc6 16. Nc3 exf5 17. Nd5 fxe4 18. Bxe4 f5 19. Nf6+ Qxf6 20. Bxc6 Rb8 21. Bd5+ Kh8 22. b3 Bb7 23. Bxb7 Rxb7 24. Qd2 Re8 25. Bf2 Rbe7 26. Rfe1 Re4 27. Rxe4 fxe4 28. Be3 Qh4 29. g3 Qf6 30. Rf1 Qc3 31. Rd1 Qxd2 32. Rxd2 Be5 33. Kf1 a4 34. bxa4 Kg7 35. Bf4 Kf6 36. Bxe5+ Kxe5 37. Ke2 Ra8 38. Rd5+ Ke6 39. Rd2 Rxa4 40. Rc2 Ke5 41. Kd1 e3 42. Ke2 Ke4 0-1

[Event "Ambelokipi op 104th"]
[Site "Athens"]
[Date "2010.04.24"]
[Round "5"]
[White "Sienczewski, Zbigniew"]
[Black "Ponirakis, Dimitrios"]
[Result "1/2-1/2"]
[WhiteElo "2152"]
[BlackElo "2041"]
[PlyCount "49"]
[EventDate "2010.04.10"]
[EventType "swiss"]
[EventRounds "7"]
[EventCountry "GRE"]
[SourceTitle "EXT 2024"]
[Source "ChessBase"]
[SourceDate "2023.10.10"]
[SourceVersion "1"]
[SourceVersionDate "2023.10.10"]
[SourceQuality "1"]

1. Nf3 d5 2. c4 c6 3. b3 Bg4 4. Bb2 Nd7 5. d3 Ngf6 6. Nbd2 e6 7. g3 Bd6 8. Bg2 0-0 9. h3 Bh5 10. g4 Bg6 11. Nh4 a5 12. Nxg6 hxg6 13. 0-0 a4 14. e4 dxe4 15. dxe4 axb3 16. axb3 Qc7 17. Qc2 Be5 18. b4 Bxb2 19. Qxb2 Qf4 20. Qc3 Ne5 21. Qe3 Qxe3 22. fxe3 Rfd8 23. Rxa8 Rxa8 24. c5 Ra4 25. Rb1 1/2-1/2

[Event "Ambelokipi op 104th"]
[Site "Athens"]
[Date "2010.04.21"]
[Round "4"]
[White "Ponirakis, Dimitrios"]
[Black "Tantaroudas Papaspyrou, Harilao"]
[Result "1-0"]
[WhiteElo "2041"]
[BlackElo "1414"]
[PlyCount "55"]
[EventDate "2010.04.10"]
[EventType "swiss"]
[EventRounds "7"]
[EventCountry "GRE"]
[SourceTitle "EXT 2024"]
[Source "ChessBase"]
[SourceDate "2023.10.10"]
[SourceVersion "1"]
[SourceVersionDate "2023.10.10"]
[SourceQuality "1"]

1. d4 d5 2. c4 Nc6 3. Nf3 Bg4 4. Nc3 e6 5. cxd5 exd5 6. Bg5 Be7 7. Bxe7 Ngxe7 8. e3 0-0 9. Be2 h6 10. 0-0 Ng6 11. Qb3 Nce7 12. Qxb7 Bxf3 13. Bxf3 Nh4 14. Qb3 Nxf3+ 15. gxf3 Rb8 16. Qc2 Ng6 17. Kh1 Nh4 18. f4 Rb6 19. Rg1 Qd7 20. Qe2 f5 21. Rg3 Rff6 22. Rf1 Rg6 23. b3 Qe8 24. Qh5 Rbc6 25. Qxh4 Rxg3 26. Qxg3 g6 27. Nxd5 Qe4+ 28. Qg2 1-0

[Event "Ambelokipi op 84th"]
[Site "Athens"]
[Date "2008.01.16"]
[Round "2"]
[White "Ponirakis, Dimitrios"]
[Black "Zahariou, Nikolaus"]
[Result "1-0"]
[WhiteElo "2091"]
[BlackElo "1898"]
[PlyCount "89"]
[EventDate "2008.01.12"]
[EventType "swiss"]
[EventRounds "7"]
[EventCountry "GRE"]
[SourceTitle "EXT 2010"]
[Source "ChessBase"]
[SourceDate "2010.11.25"]
[SourceVersion "1"]
[SourceVersionDate "2010.11.25"]
[SourceQuality "1"]

1. d4 Nf6 2. Nf3 d6 3. Bg5 a5 4. Nbd2 c6 5. c3 Nbd7 6. e4 Qc7 7. a4 e5 8. dxe5 Nxe5 9. Qc2 Bd7 10. Be2 Be7 11. 0-0 Ng6 12. h3 0-0 13. c4 c5 14. Nb1 h6 15. Be3 Rfe8 16. Nc3 Bd8 17. Nd2 Qc8 18. Nb5 Ra6 19. Ra3 Be7 20. Rd1 Bf8 21. f4 Bc6 22. Nc3 Qd8 23. Nd5 b6 24. Rf1 Ra7 25. Bd3 Bxd5 26. cxd5 Nd7 27. Bb5 Ne7 28. Nc4 Nc8 29. e5 Qh4 30. Bf2 Qh5 31. g4 Qg6 32. Qxg6 fxg6 33. e6 Nf6 34. g5 hxg5 35. fxg5 Rd8 36. gxf6 gxf6 37. Bh4 g5 38. Bg3 Rh7 39. Kg2 Be7 40. Be1 Rf8 41. Raf3 Bd8 42. Bc3 Ne7 43. Ne3 f5 44. Nxf5 Nxd5 45. Nh6+ 1-0

[Event "Nikaia op 15th"]
[Site "Nikaia"]
[Date "2007.08.30"]
[Round "9"]
[White "Ponirakis, Dimitrios"]
[Black "Tsomis, Dimitrios"]
[Result "1/2-1/2"]
[WhiteElo "2091"]
[BlackElo "2201"]
[PlyCount "138"]
[EventDate "2007.08.23"]
[EventType "swiss"]
[EventRounds "9"]
[EventCountry "GRE"]
[SourceTitle "CBM 120 Extra"]
[Source "ChessBase"]
[SourceDate "2007.11.01"]
[SourceVersion "1"]
[SourceVersionDate "2007.11.01"]
[SourceQuality "1"]

1. d4 Nf6 2. c4 g6 3. Nc3 Bg7 4. e4 d6 5. Be2 Nbd7 6. Bg5 0-0 7. Qd2 e5 8. d5 Nc5 9. f3 a5 10. Nb5 Bd7 11. h4 h5 12. Nh3 Bxh3 13. Rxh3 Qd7 14. Rd1 Kh7 15. Rh1 Rh8 16. g3 Kg8 17. Bf1 b6 18. Bh3 Qe7 19. b3 Qd8 20. Kf1 Qb8 21. Kg2 Nh7 22. g4 hxg4 23. Bxg4 Nxg5 24. hxg5 Rxh1 25. Rxh1 Qd8 26. Kf1 Qe7 27. Ke1 Na6 28. Nc3 Rd8 29. Ne2 Nc5 30. Nc1 Na6 31. Nd3 Nb4 32. Nxb4 axb4 33. Qxb4 Qxg5 34. Qd2 Qe7 35. Kd1 Qf6 36. Ke2 Kf8 37. Qe1 Qf4 38. Qh4 Ra8 39. a4 f5 40. exf5 gxf5 41. Bh5 Qxh4 42. Rxh4 Ke7 43. Bg6 Kf6 44. Bh7 Rh8 45. Rh5 Bf8 46. Bg6 Rxh5 47. Bxh5 e4 48. b4 Kg5 49. a5 bxa5 50. bxa5 Bg7 51. Be8 Bd4 52. fxe4 fxe4 53. a6 Kf4 54. Bg6 Bb6 55. Bh5 Ke5 56. Be8 Kd4 57. Bb5 Kc3 58. Ke1 Bc5 59. Ke2 e3 60. Bc6 Kxc4 61. Bb7 Ba7 62. Bc6 Kd4 63. Bb7 Kc3 64. Bc6 Kb4 65. Kd3 Ka5 66. Bb7 Kb5 67. Ke2 Bc5 68. Kd3 Kb4 69. Bc6 Kb3 1/2-1/2

[Event "Nikaia op 15th"]
[Site "Nikaia"]
[Date "2007.08.29"]
[Round "8"]
[White "Fragaki, Maria"]
[Black "Ponirakis, Dimitrios"]
[Result "0-1"]
[WhiteElo "1878"]
[BlackElo "2091"]
[PlyCount "31"]
[EventDate "2007.08.23"]
[EventType "swiss"]
[EventRounds "9"]
[EventCountry "GRE"]
[SourceTitle "CBM 120 Extra"]
[Source "ChessBase"]
[SourceDate "2007.11.01"]
[SourceVersion "1"]
[SourceVersionDate "2007.11.01"]
[SourceQuality "1"]

1. e4 e5 2. Bc4 Nf6 3. d3 Nc6 4. Nf3 Be7 5. 0-0 0-0 6. Bb3 d6 7. c3 Kh8 8. Bc2 d5 9. Qe2 d4 10. h3 Ne8 11. Nbd2 a5 12. a4 b6 13. Bb3 Nf6 14. Nc4 Bd6 15. cxd4 exd4 16. e5 0-1

[Event "Ambelokipi op 75th"]
[Site "Athens"]
[Date "2007.01.13"]
[Round "1"]
[White "Filippas, Sebastian"]
[Black "Ponirakis, Dimitrios"]
[Result "0-1"]
[WhiteElo "2105"]
[BlackElo "2027"]
[PlyCount "168"]
[EventDate "2007.01.13"]
[EventType "swiss"]
[EventRounds "7"]
[EventCountry "GRE"]
[SourceTitle "CBM 116 Extra"]
[Source "ChessBase"]
[SourceDate "2007.03.07"]
[SourceVersion "1"]
[SourceVersionDate "2007.03.07"]
[SourceQuality "1"]

1. e4 e5 2. Nf3 Nc6 3. Bb5 a6 4. Ba4 Nf6 5. d3 b5 6. Bb3 Bb7 7. Ng5 d5 8. exd5 Nd4 9. c4 c6 10. dxc6 Bxc6 11. 0-0 h6 12. Ne4 Nxe4 13. dxe4 Nxb3 14. Qxd8+ Rxd8 15. axb3 Bxe4 16. Nc3 Bd3 17. Re1 f6 18. Rxa6 bxc4 19. bxc4 Bxc4 20. Rc6 Bd3 21. Rc7 Rg8 22. Rd1 Bf5 23. Rxd8+ Kxd8 24. Ra7 Be6 25. Be3 Bd6 26. Nb5 Bb8 27. Bb6+ Kc8 28. Re7 Bd7 29. Na7+ Bxa7 30. Bxa7 Kc7 31. Bc5 Kc6 32. b4 g6 33. Rf7 f5 34. Rf6+ Kb5 35. h4 h5 36. Rb6+ Kc4 37. Rd6 Bb5 38. Re6 e4 39. Rf6 Be8 40. Kf1 Rg7 41. g3 Rc7 42. Ke2 Rc6 43. Rf8 Re6 44. Ke3 Kd5 45. Rg8 Bb5 46. Rb8 Be8 47. Rd8+ Kc4 48. Kf4 Ba4 49. Kg5 Bc2 50. Rf8 Bd1 51. Kh6 Be2 52. Kg7 Ra6 53. Rb8 Kd5 54. Be3 Kc6 55. Kf7 Bc4+ 56. Ke7 Kc7 57. Bf4+ Kc6 58. Rc8+ Kb5 59. Bd6 Be2 60. Rc5+ Ka4 61. Rc7 Kb5 62. Rc5+ Ka4 63. Rd5 Bf3 64. Rd4 Kb3 65. Bc5 Be2 66. b5 Ra5 67. Rb4+ Kc3 68. b6 Rxc5 69. b7 Kxb4 70. b8Q+ Kc3 71. Qd6 Rc4 72. Qa3+ Kd2 73. Qa2+ Ke1 74. Kf6 Kxf2 75. Kxg6 e3 76. Kxf5 Rg4 77. Qb1 Bf3 78. Qc2+ e2 79. Qc5+ Kf1 80. Qb5 Bc6 81. Qa6 Ra4 82. Qxc6 Ra5+ 83. Kg6 e1Q 84. Qh1+ Kf2 0-1

[Event "Ambelokipi op 72nd"]
[Site "Athens"]
[Date "2006.10.14"]
[Round "3"]
[White "Kostopoulos, Evaggelos"]
[Black "Ponirakis, Dimitrios"]
[Result "1-0"]
[WhiteElo "2063"]
[BlackElo "2026"]
[PlyCount "129"]
[EventDate "2006.10.12"]
[EventType "swiss"]
[EventRounds "7"]
[EventCountry "GRE"]
[SourceTitle "EXT 2008"]
[Source "ChessBase"]
[SourceDate "2007.11.25"]
[SourceVersion "1"]
[SourceVersionDate "2007.11.25"]
[SourceQuality "1"]

1. e4 e5 2. Nf3 Nc6 3. Nc3 Nf6 4. g3 d5 5. exd5 Nxd5 6. Bg2 Nxc3 7. bxc3 Bc5 8. 0-0 0-0 9. Re1 f6 10. Bb2 Bg4 11. h3 Bh5 12. g4 Bf7 13. d4 Bd6 14. Nd2 Qd7 15. Ne4 Be7 16. Qd3 Rad8 17. Rad1 Rfe8 18. Qb5 exd4 19. cxd4 Nb4 20. Qxd7 Rxd7 21. c3 Nd5 22. Bc1 c6 23. a4 a5 24. Bd2 Nb6 25. Ra1 Nc4 26. Bf4 Kf8 27. Rab1 Bd5 28. f3 b6 29. Bf1 Rb7 30. Kf2 b5 31. Nd2 Nxd2 32. Bxd2 b4 33. Bd3 g6 34. c4 Bf7 35. Rec1 Rd8 36. Be3 Bd6 37. Be4 Be8 38. d5 c5 39. Bc2 Rdb8 40. Bb3 Re7 41. Re1 Bd7 42. Bc2 Rbe8 43. Bh6+ Kf7 44. Rxe7+ Rxe7 45. Be3 Bg3+ 46. Kxg3 Rxe3 47. Bb3 g5 48. Bc2 h6 49. Bf5 Bxf5 50. gxf5 Ke7 51. Kg4 Kd6 52. Kh5 Rxf3 53. Kg6 Rxh3 54. Kxf6 Re3 55. Kg7 g4 56. f6 h5 57. f7 Rf3 58. Rh1 Ke7 59. f8Q+ Rxf8 60. Re1+ Kd7 61. Kxf8 b3 62. Rb1 g3 63. Rxb3 h4 64. Rb7+ Kd6 65. Rg7 1-0